000 00598nam a2200229Ia 4500
003 OSt
005 20220918191103.0
006 a|||||r|||| 00| 0
007 ta
008 220917b |||||||| |||| 00| 0 eng d
024 _a61,388
037 _cTextual
040 _aARTS
_cARTS
_beng
041 _2eng
_aeng
082 _aQ6.688.N5, J8 (906)
100 _aStuart Mary
_974870
245 0 _aLand of Pronise
_b a story of the Church in Uganda
260 _c1958
650 _aRELIGION
942 _hQ6.688.N5, J8 (906)
_cTEXL
_2CC
999 _c188240
_d188240